[Event "World Blitz Women 2017"]
[Site "Riyadh KSA"]
[Date "2017.12.29"]
[Round "5.33"]
[White "Karavade, Eesha"]
[Black "Sukandar, Irine Kharisma"]
[Result "0-1"]
[WhiteTitle "IM"]
[BlackTitle "IM"]
[WhiteElo "2384"]
[BlackElo "2384"]
[WhiteFideId "5012600"]
[BlackFideId "7101937"]
[EventDate "2017.12.29"]

1. Nf3 Nf6 2. c4 c5 3. Nc3 Nc6 4. d4 cxd4 5. Nxd4 g6 6. e4 Nxd4 7. Qxd4 d6 8. f3
Bg7 9. Be3 O-O 10. Qd2 Be6 11. Rc1 Nd7 12. Be2 Rc8 13. b3 a6 14. O-O f5 15. exf5
Rxf5 16. Bd3 Rf7 17. Rfe1 Ne5 18. Be4 Qd7 19. Nd5 Rcf8 20. Rf1 Bf5 21. Bxf5 Rxf5
22. h3 Nc6 23. Rce1 b5 24. cxb5 axb5 25. Nc3 b4 26. Ne4 d5 27. Nc5 Qd6 28. Qc2
d4 29. Qc4+ Kh8 30. Ne4 Qd5 31. Qxd5 Rxd5 32. Bd2 Ra8 33. Rc1 Ne5 34. Rc2 h6 35.
Rfc1 Kh7 36. Rd1 d3 37. Rc4 Nxc4 38. bxc4 Rd4 39. Bxb4 Rxa2 40. Bc3 Rxc4 41.
Bxg7 Kxg7 42. Rxd3 Rcc2 43. Rd7 Rxg2+ 44. Kf1 Rgb2 45. Rd1 Kf7 46. h4 Rh2 47.
Kg1 Rag2+ 48. Kf1 Rh1+ 49. Kxg2 Rxd1 50. Kg3 Rd5 51. Kg4 Ra5 52. Kg3 Ke6 53. Kf4
Rf5+ 54. Kg4 Ra5 55. Kf4 Ra4 56. Kg3 Ke5 57. Nf2 Kf5 58. Ng4 Rxg4+ 59. fxg4+ 0-1

[Event "World Blitz Women 2017"]
[Site "Riyadh KSA"]
[Date "2017.12.29"]
[Round "5.34"]
[White "Papp, Petra"]
[Black "Buksa, Nataliya"]
[Result "0-1"]
[WhiteTitle "WGM"]
[BlackTitle "WGM"]
[WhiteElo "2313"]
[BlackElo "2385"]
[WhiteFideId "739049"]
[BlackFideId "14123622"]
[EventDate "2017.12.29"]

1. e4 c5 2. Nf3 Nc6 3. Nc3 g6 4. d4 cxd4 5. Nxd4 Bg7 6. Be3 Nf6 7. Bc4 O-O 8.
Bb3 Re8 9. f3 e6 10. f4 d6 11. Qf3 a6 12. O-O-O Qc7 13. h3 Nd7 14. g4 Nc5 15. h4
b5 16. h5 Bb7 17. hxg6 hxg6 18. Nxc6 Qxc6 19. Bd4 Nxe4 20. Bxg7 Kxg7 21. Nxe4
Qxe4 22. Qc3+ e5 23. Qc7 Qxf4+ 24. Kb1 Bxh1 25. Rxh1 Rh8 26. Rd1 Rad8 27. Qe7
Qf6 28. Qb7 d5 29. Bxd5 Rd6 30. g5 Qf4 31. Rc1 Rhd8 32. Bf3 Qxg5 33. a3 Rf6 34.
Bd5 Qd2 35. Bg2 Rf2 36. Bh3 Qd5 37. Qe7 Qd6 38. Qb7 Rf4 39. Qa7 b4 40. a4 b3 41.
cxb3 Qd3+ 42. Ka2 Qxh3 43. Rc7 Qe6 44. Re7 Qf6 45. Rb7 e4 46. Qc5 Rf2 47. Qc1
Rdd2 48. Ka3 Qxb2+ 0-1

[Event "World Blitz Women 2017"]
[Site "Riyadh KSA"]
[Date "2017.12.29"]
[Round "5.35"]
[White "Berend, Elvira"]
[Black "Mammadova, Gulnar"]
[Result "0-1"]
[WhiteTitle "WGM"]
[BlackTitle "IM"]
[WhiteElo "2303"]
[BlackElo "2357"]
[WhiteFideId "4000510"]
[BlackFideId "13403508"]
[EventDate "2017.12.29"]

1. e4 g6 2. d4 Bg7 3. Nc3 c6 4. Nf3 d5 5. h3 Nh6 6. Bd3 f6 7. O-O O-O 8. Re1 Nf7
9. exd5 cxd5 10. Bb5 Nc6 11. Ba4 g5 12. Nh2 f5 13. a3 Nxd4 14. Be3 e5 15. Bxd4
exd4 16. Ne2 g4 17. hxg4 fxg4 18. Nxd4 Qh4 19. Ne6 Bxe6 20. Rxe6 g3 21. fxg3
Qxa4 22. Nf3 Qb5 23. Rb1 Rae8 24. a4 Qc5+ 0-1

[Event "World Blitz Women 2017"]
[Site "Riyadh KSA"]
[Date "2017.12.29"]
[Round "5.36"]
[White "Szczepkowska, Karina"]
[Black "Zimina, Olga"]
[Result "1-0"]
[WhiteTitle "IM"]
[BlackTitle "IM"]
[WhiteElo "2419"]
[BlackElo "2415"]
[WhiteFideId "1122681"]
[BlackFideId "4132190"]
[EventDate "2017.12.29"]

1. d4 d5 2. c4 c6 3. cxd5 cxd5 4. Bg5 Nc6 5. Nf3 Bf5 6. Qb3 Qc7 7. Nc3 e6 8. e3
Be7 9. Bxe7 Ngxe7 10. Be2 h6 11. O-O O-O 12. Rac1 Rfc8 13. Na4 Rab8 14. h3 Bg6
15. Rc3 Qd8 16. Rfc1 Nf5 17. Nc5 Nd6 18. Qa3 Ne4 19. Nxe4 Bxe4 20. Nd2 Bg6 21.
Bb5 Qb6 22. Bxc6 Rxc6 23. Rxc6 bxc6 24. Nb3 Bd3 25. Qd6 Bb5 26. Nc5 Rd8 27. Qe7
Qb8 28. a4 Be2 29. b3 Re8 30. Qb7 Qxb7 31. Nxb7 Rb8 32. Na5 Bh5 33. Rxc6 Bd1 34.
Rc3 Rb6 35. Kf1 Kf8 36. Ke1 Bh5 37. Rc7 Bg6 38. Rxa7 Bc2 39. Rb7 Ra6 40. b4 Bxa4
41. Kd2 Be8 42. Kc3 Ra8 43. Nb3 Ra2 44. Nd2 Ra3+ 45. Kb2 Rd3 46. Kc2 Ra3 47. Rb8
Ke7 48. b5 Ra2+ 49. Kc3 Ra3+ 50. Nb3 Ra2 51. Rb7+ Kd6 52. Rb8 Bd7 53. Nc5 Ra3+
54. Kb4 Ra7 55. b6 Ra1 56. Rd8 Rb1+ 57. Ka5 Ra1+ 58. Kb4 Rb1+ 59. Kc3 Rxb6 60.
Rxd7+ Kc6 61. Rxf7 g5 62. Rf6 Kb5 63. Rxe6 Rb8 64. Rxh6 Rf8 65. f3 Re8 66. Kd3
Ra8 67. Rg6 Ra3+ 68. Ke2 Ra2+ 69. Kf1 Kc4 70. Rxg5 Kc3 71. Rxd5 Kd2 72. Kf2 Kc3+
73. Kg3 Re2 74. Ne4+ Kd3 75. Nc5+ Kc4 76. Re5 Ra2 77. h4 1-0

[Event "World Blitz Women 2017"]
[Site "Riyadh KSA"]
[Date "2017.12.29"]
[Round "5.37"]
[White "Cornette, Deimante"]
[Black "Galojan, Lilit"]
[Result "1-0"]
[WhiteTitle "IM"]
[BlackTitle "IM"]
[WhiteElo "2439"]
[BlackElo "2300"]
[WhiteFideId "12802859"]
[BlackFideId "13301314"]
[EventDate "2017.12.29"]

1. e4 e5 2. Nf3 Nc6 3. Bb5 a6 4. Ba4 Nf6 5. O-O Be7 6. d3 d6 7. c4 Bd7 8. Nc3
Nb8 9. b4 O-O 10. a3 h6 11. Bb3 Bg4 12. h3 Bh5 13. Be3 Nh7 14. g4 Bg6 15. Ne2
Ng5 16. Nxg5 Bxg5 17. Ng3 Nc6 18. Qf3 a5 19. b5 Nb8 20. Nf5 Nd7 21. Qg3 Nc5 22.
Bc2 Bxf5 23. gxf5 Kh7 24. Kh1 Nd7 25. Rg1 Qf6 26. Bxg5 Qxg5 27. Qxg5 hxg5 28.
Rxg5 Nf6 29. Rag1 Rh8 30. Rxg7+ Kh6 31. Rxf7 Raf8 32. Rg6+ Kh5 33. Rfxf6 1-0

[Event "World Blitz Women 2017"]
[Site "Riyadh KSA"]
[Date "2017.12.29"]
[Round "5.38"]
[White "Charkhalashvili, Inga"]
[Black "Doluhanova, Evgeniya"]
[Result "1-0"]
[WhiteTitle "WGM"]
[BlackTitle "WGM"]
[WhiteElo "2355"]
[BlackElo "2352"]
[WhiteFideId "13601431"]
[BlackFideId "14112035"]
[EventDate "2017.12.29"]

1. d4 Nf6 2. c4 e6 3. Nf3 d5 4. Nc3 Bb4 5. Bg5 h6 6. Bxf6 Qxf6 7. cxd5 exd5 8.
Qa4+ Nc6 9. e3 O-O 10. Be2 Be6 11. O-O a6 12. Rac1 Qg6 13. Nh4 Qf6 14. g3 Bd6
15. Rfd1 b5 16. Qc2 Nb4 17. Qb3 g5 18. Ng2 a5 19. Bxb5 Bg4 20. Rf1 Bf3 21. a3 c6
22. axb4 cxb5 23. bxa5 b4 24. Nb5 Rxa5 25. Nxd6 Qxd6 26. Ne1 Be2 27. Nd3 Bxf1
28. Rxf1 Rb8 29. Rc1 Qa6 30. Ne5 Ra1 31. Rxa1 Qxa1+ 32. Kg2 Qa8 33. Qd3 Qb7 34.
Qf5 Re8 35. Ng4 Re6 36. Nf6+ Kg7 37. Nxd5 Rd6 38. Qe5+ 1-0

[Event "World Blitz Women 2017"]
[Site "Riyadh KSA"]
[Date "2017.12.29"]
[Round "5.39"]
[White "Ovod, Evgenija"]
[Black "Bivol, Alina"]
[Result "1-0"]
[WhiteTitle "IM"]
[BlackTitle "WGM"]
[WhiteElo "2364"]
[BlackElo "2356"]
[WhiteFideId "4131827"]
[BlackFideId "4100123"]
[EventDate "2017.12.29"]

1. d4 Nf6 2. Bg5 Ne4 3. Bf4 d5 4. e3 c5 5. Bd3 cxd4 6. exd4 Nc6 7. c3 Bf5 8. Nf3
e6 9. O-O Be7 10. Qe2 h6 11. Nbd2 Nd6 12. Ne5 Bxd3 13. Nxd3 O-O 14. Bxd6 Bxd6
15. f4 Re8 16. Rf3 Qc7 17. Raf1 f6 18. Rg3 e5 19. fxe5 fxe5 20. dxe5 Bxe5 21.
Nxe5 Qxe5 22. Qb5 Re7 23. Nf3 Qe3+ 24. Kh1 Qe2 25. Qxd5+ 1-0

[Event "World Blitz Women 2017"]
[Site "Riyadh KSA"]
[Date "2017.12.29"]
[Round "5.40"]
[White "Badelka, Olga"]
[Black "Danielian, Elina"]
[Result "1-0"]
[WhiteTitle "WIM"]
[BlackTitle "GM"]
[WhiteElo "2388"]
[BlackElo "2413"]
[WhiteFideId "13509926"]
[BlackFideId "13300210"]
[EventDate "2017.12.29"]

1. c4 Nf6 2. d4 e6 3. Nc3 Bb4 4. Qc2 d5 5. cxd5 exd5 6. Bg5 h6 7. Bh4 c5 8. dxc5
g5 9. Bg3 Ne4 10. e3 Bf5 11. Ne2 Nxg3 12. Qa4+ Bd7 13. Qxb4 Nxh1 14. Nxd5 Nc6
15. Qc3 f6 16. Nd4 Nxd4 17. Qxd4 O-O 18. Bd3 Bc6 19. Qe4 Qd7 20. Ne7+ Kf7 21.
Bc4+ Ke8 22. Nxc6+ 1-0

[Event "World Blitz Women 2017"]
[Site "Riyadh KSA"]
[Date "2017.12.29"]
[Round "5.41"]
[White "Kovanova, Baira"]
[Black "Huang, Qian"]
[Result "0-1"]
[WhiteTitle "WGM"]
[BlackTitle "WGM"]
[WhiteElo "2367"]
[BlackElo "2438"]
[WhiteFideId "4164083"]
[BlackFideId "8602689"]
[EventDate "2017.12.29"]

1. Nf3 d5 2. g3 g6 3. Bg2 Bg7 4. O-O Nf6 5. d4 O-O 6. c4 c6 7. cxd5 cxd5 8. Ne5
Nc6 9. Nc3 Bf5 10. Bf4 Qb6 11. Nxc6 bxc6 12. Na4 Qb5 13. b3 Ne4 14. Rc1 Rac8 15.
Nc5 Rfd8 16. e3 Qb4 17. Nxe4 dxe4 18. Qc2 c5 19. dxc5 e5 20. g4 exf4 21. gxf5 f3
22. Bh3 Rc6 23. Qc4 Qa3 24. Qxe4 Rxc5 25. Rxc5 Qxc5 26. Qxf3 Rd2 27. a4 Be5 28.
f6 Rd8 29. Rd1 Rxd1+ 30. Qxd1 Bxf6 31. Bg2 a5 32. Bd5 Kg7 33. Qd3 Be5 34. Qc4
Qd6 35. h3 Qf6 36. Kg2 Bc3 37. Qf4 Qe7 38. Bc4 Bb4 39. e4 Bc3 40. Qf3 Be5 41.
Qd3 Qg5+ 42. Kf1 Qf4 43. Qd5 Bd4 44. Ke1 0-1

[Event "World Blitz Women 2017"]
[Site "Riyadh KSA"]
[Date "2017.12.29"]
[Round "5.42"]
[White "Nakhbayeva, Guliskhan"]
[Black "Arakhamia-Grant, Ketevan"]
[Result "1-0"]
[WhiteTitle "WGM"]
[BlackTitle "GM"]
[WhiteElo "2314"]
[BlackElo "2350"]
[WhiteFideId "13704788"]
[BlackFideId "13600168"]
[EventDate "2017.12.29"]

1. d4 Nf6 2. c4 c5 3. d5 e5 4. Nc3 d6 5. e4 Nbd7 6. Bd3 Be7 7. Nf3 Nf8 8. O-O
Ng6 9. Re1 h5 10. a3 h4 11. b4 b6 12. Rb1 Nh5 13. Bf1 Ngf4 14. Ne2 g5 15. Nxf4
gxf4 16. Rb3 h3 17. g3 Bg4 18. Be2 Qd7 19. Nd2 Nf6 20. bxc5 bxc5 21. Nf1 fxg3
22. fxg3 Kf8 23. Bg5 Bxe2 24. Qxe2 Ng8 25. Bxe7+ Nxe7 26. Reb1 Ng6 27. Rb7 Qd8
28. Qf3 Rh7 29. Ne3 Kg8 30. Ng4 Kh8 31. Rxf7 Rxf7 32. Qxf7 Qg8 33. Qf6+ Qg7 34.
Qxd6 Re8 35. Rb8 Rxb8 36. Qxb8+ Kh7 37. d6 Nf4 38. Qd8 Qxg4 1-0

[Event "World Blitz Women 2017"]
[Site "Riyadh KSA"]
[Date "2017.12.29"]
[Round "5.43"]
[White "Khukhashvili, Sopiko"]
[Black "Fataliyeva, Ulviyya"]
[Result "1-0"]
[WhiteTitle "IM"]
[BlackTitle "WGM"]
[WhiteElo "2312"]
[BlackElo "2384"]
[WhiteFideId "13602055"]
[BlackFideId "13403052"]
[EventDate "2017.12.29"]

1. b4 e6 2. a3 c5 3. b5 d5 4. Bb2 Nf6 5. e3 Be7 6. Nf3 O-O 7. c4 Nbd7 8. Qc2 a6
9. a4 axb5 10. axb5 Rxa1 11. Bxa1 b6 12. Be2 Bb7 13. O-O Qc7 14. d3 e5 15. cxd5
Nxd5 16. Nbd2 Kh8 17. h3 f6 18. Rc1 Ra8 19. d4 Nb4 20. Qf5 exd4 21. exd4 Qd6 22.
Nc4 Qd5 23. Qg4 f5 24. Qg3 Bf6 25. Nfe5 Nxe5 26. dxe5 f4 27. Qg4 Bd8 28. Bf3
Rxa1 29. Rxa1 Qxc4 30. Bxb7 Qf7 31. Qc8 Qf8 32. Ra8 1-0

[Event "World Blitz Women 2017"]
[Site "Riyadh KSA"]
[Date "2017.12.29"]
[Round "5.44"]
[White "Albzoor, Anwar"]
[Black "Nguyen, Thi Mai Hung"]
[Result "0-1"]
[WhiteTitle "WFM"]
[BlackTitle "WGM"]
[WhiteElo "1595"]
[BlackElo "2321"]
[WhiteFideId "11500522"]
[BlackFideId "12401676"]
[EventDate "2017.12.29"]

1. Nf3 d5 2. c4 c6 3. cxd5 cxd5 4. d4 Nf6 5. g3 Nc6 6. Bg2 Bf5 7. a3 e6 8. O-O
Be7 9. Nc3 O-O 10. Bf4 Ne4 11. Rc1 Rc8 12. Na4 b5 13. Nc5 Nxc5 14. dxc5 a5 15.
Nd4 Nxd4 16. Qxd4 Rc6 17. b4 axb4 18. axb4 Bf6 19. Qd2 Qc8 20. Rfd1 Qa6 21. Bd6
Ra8 22. h3 h6 23. g4 Bg6 24. e3 Qa3 25. Bf1 Qa4 26. Qe2 Qxb4 27. Qxb5 Qxb5 28.
Bxb5 Rcc8 29. c6 Ra5 30. Be2 Bb2 31. Rb1 Bxb1 32. Rxb1 Ba3 33. Bxa3 Rxa3 34. Bb5
Rc3 35. Ra1 Rb8 36. Ra5 Rc5 37. c7 Rxc7 38. Be2 Rc1+ 39. Kg2 Rcb1 40. Bd3 R1b2
41. Ra7 Rd2 42. Bf1 Rbb2 0-1

[Event "World Blitz Women 2017"]
[Site "Riyadh KSA"]
[Date "2017.12.29"]
[Round "5.45"]
[White "Munguntuul, Batkhuyag"]
[Black "Enkhtuul, Altan-Ulzii"]
[Result "1-0"]
[WhiteTitle "IM"]
[BlackTitle "WGM"]
[WhiteElo "2397"]
[BlackElo "2344"]
[WhiteFideId "4900758"]
[BlackFideId "4901444"]
[EventDate "2017.12.29"]

1. e4 Nf6 2. e5 Nd5 3. d4 d6 4. Nf3 Bg4 5. Be2 e6 6. c4 Nb6 7. O-O Be7 8. Nc3
O-O 9. h3 Bh5 10. exd6 cxd6 11. Be3 d5 12. c5 Bxf3 13. Bxf3 Nc4 14. Bc1 Nc6 15.
b3 N4a5 16. Bb2 Bf6 17. Ne2 b6 18. Rc1 bxc5 19. Rxc5 Rc8 20. Ba3 Be7 21. Ng3
Bxc5 22. Bxc5 Re8 23. Qd2 Nb7 24. Ba3 Qa5 25. Qxa5 Nbxa5 26. Rd1 Ne7 27. Rd2 g6
28. Be2 Nac6 29. Ba6 Rb8 30. Bc5 h5 31. Ne2 Nb4 32. Bd3 Nxd3 33. Rxd3 a5 34. Nc3
Nc6 35. Na4 Nb4 36. Rd2 Rec8 37. Bd6 Rc1+ 38. Kh2 Rbc8 39. a3 R1c2 40. Rd1 Na2
41. f3 Nc3 42. Nxc3 R2xc3 43. Rb1 Rd3 44. Bc5 Rb8 45. b4 Rxa3 46. b5 a4 47. Bxa3
Rb7 48. b6 f6 49. Bc5 Kf7 50. Ra1 Ke8 51. Rxa4 Kd7 52. Ra8 Kc6 53. Re8 e5 54.
Re6+ Kb5 55. Rxf6 exd4 56. Bxd4 Kc4 57. Bf2 d4 58. Rf4 Rxb6 59. Rxd4+ Kc3 60.
Rd8 Re6 61. g4 Re2 62. Kg2 hxg4 63. hxg4 Kc4 64. f4 Re6 65. Kf3 Kb5 66. f5 gxf5
67. gxf5 Rf6 68. Kf4 Kc6 69. Ke5 Rf7 70. Ke6 Rh7 71. f6 Rh2 72. Bg3 Re2+ 73. Be5 1-0

[Event "World Blitz Women 2017"]
[Site "Riyadh KSA"]
[Date "2017.12.29"]
[Round "5.46"]
[White "Belenkaya, Dina"]
[Black "Assaubayeva, Bibisara"]
[Result "1-0"]
[WhiteTitle "WGM"]
[BlackTitle "FM"]
[WhiteElo "2303"]
[BlackElo "2381"]
[WhiteFideId "24142654"]
[BlackFideId "13708694"]
[EventDate "2017.12.29"]

1. e4 e5 2. Nf3 Nc6 3. Nc3 Nf6 4. d4 exd4 5. Nxd4 Bb4 6. Nxc6 bxc6 7. Bd3 d5 8.
exd5 cxd5 9. O-O O-O 10. h3 h6 11. Qf3 c6 12. Bf4 Bd6 13. Rfe1 Bxf4 14. Qxf4 c5
15. Rad1 Be6 16. Na4 Qa5 17. b3 Rfe8 18. Qd6 c4 19. Bf1 Ne4 20. Qf4 Nc3 21. Nxc3
Qxc3 22. Qd2 Qb2 23. Ra1 a5 24. Reb1 Qf6 25. Rd1 a4 26. b4 c3 27. Qd4 Qxd4 28.
Rxd4 Bf5 29. Rc1 a3 30. b5 Red8 31. g4 Be4 32. Be2 f6 33. f3 Bg6 34. Kf2 Kf7 35.
f4 Ke7 36. f5 Bf7 37. Rb1 Kd6 38. Rb3 Kc5 39. Ke3 Re8+ 40. Kd3 Kd6 41. Rxc3 Rab8
42. Rb4 Re4 43. Rxe4 dxe4+ 44. Kxe4 Bxa2 45. Rxa3 Bd5+ 46. Kd4 Rxb5 47. Bxb5 1-0

[Event "World Blitz Women 2017"]
[Site "Riyadh KSA"]
[Date "2017.12.29"]
[Round "5.48"]
[White "Zozulia, Anna"]
[Black "Li, Ruofan"]
[Result "1-0"]
[WhiteTitle "IM"]
[BlackTitle "IM"]
[WhiteElo "2316"]
[BlackElo "2351"]
[WhiteFideId "14102110"]
[BlackFideId "8600643"]
[EventDate "2017.12.29"]

1. e4 e5 2. Nf3 Nc6 3. Nc3 Nf6 4. Bb5 Bd6 5. O-O O-O 6. d3 Re8 7. a3 h6 8. h3
Bf8 9. Re1 a6 10. Bc4 b5 11. Ba2 d6 12. Nd5 Be6 13. c3 Nd7 14. d4 g6 15. Be3 Bg7
16. Qd2 Kh7 17. Rad1 Ne7 18. dxe5 Nxe5 19. Nxe5 dxe5 20. Qe2 Qb8 21. Qf3 Qb7 22.
Nf6+ Bxf6 23. Bxe6 Bg7 24. Qxf7 Ng8 25. Bd5 Qc8 26. Bxa8 Qxa8 27. Rd7 Re7 28.
Rxe7 Nxe7 29. Qxe7 Qxe4 30. Qxg7+ Kxg7 31. Bxh6+ Kxh6 32. Rxe4 1-0

[Event "World Blitz Women 2017"]
[Site "Riyadh KSA"]
[Date "2017.12.29"]
[Round "6.1"]
[White "Dzagnidze, Nana"]
[Black "Voit, Daria"]
[Result "1-0"]
[WhiteTitle "GM"]
[BlackTitle "FM"]
[WhiteElo "2522"]
[BlackElo "2390"]
[WhiteFideId "13601903"]
[BlackFideId "4182146"]
[EventDate "2017.12.29"]

1. c4 c5 2. Nc3 Nc6 3. g3 g6 4. Bg2 Bg7 5. Nf3 e5 6. d3 Nge7 7. O-O d6 8. Rb1
O-O 9. a3 a5 10. Bd2 Rb8 11. Qc1 Be6 12. Bh6 b6 13. Bxg7 Kxg7 14. Ng5 Qd7 15.
Nxe6+ fxe6 16. f4 exf4 17. Rxf4 Rxf4 18. Qxf4 Rf8 19. Qe4 Rf6 20. Rf1 Rxf1+ 21.
Kxf1 Ne5 22. Ke1 Nf5 23. Qf4 Nd4 24. Kd2 b5 25. cxb5 Nxb5 26. Qa4 Nxc3 27. Qxd7+
Nxd7 28. Kxc3 Nb6 29. d4 cxd4+ 30. Kxd4 Kf6 31. Bc6 Kf5 32. h3 e5+ 33. Kc3 Ke6
34. b4 axb4+ 35. Kxb4 d5 36. Kc5 Nc8 37. Bxd5+ Kd7 38. a4 Kc7 39. a5 h6 40. Be4
g5 41. Kd5 Kb7 42. Kxe5+ Ka6 43. Kf6 Nd6 44. Bd3+ Kxa5 45. Kg6 Kb4 46. Kxh6 Nf7+
47. Kg6 Ne5+ 48. Kxg5 Kc5 49. Kf5 1-0

[Event "World Blitz Women 2017"]
[Site "Riyadh KSA"]
[Date "2017.12.29"]
[Round "6.2"]
[White "Bodnaruk, Anastasia"]
[Black "Lei, Tingjie"]
[Result "1/2-1/2"]
[WhiteTitle "IM"]
[BlackTitle "GM"]
[WhiteElo "2428"]
[BlackElo "2528"]
[WhiteFideId "4181751"]
[BlackFideId "8605114"]
[EventDate "2017.12.29"]

1. e4 e6 2. d4 d5 3. Nc3 Bb4 4. e5 c5 5. a3 Ba5 6. b4 cxd4 7. Nb5 Bc7 8. Nf3 Bd7
9. Nbxd4 Ne7 10. Bd3 Ng6 11. Qe2 Nc6 12. Nxc6 bxc6 13. g3 a5 14. Rb1 axb4 15.
axb4 Qb8 16. Bxg6 hxg6 17. O-O c5 18. b5 Bb6 19. c3 Ra4 20. Qc2 Qa8 21. Re1 Ra5
22. Qe2 Bc8 23. h4 Bb7 24. Ng5 d4 25. cxd4 cxd4 26. Kh2 Bd5 27. Bf4 d3 28. Qxd3
Bxf2 29. Re2 Bb6 30. Rc1 Ra3 31. Qc2 Ra2 32. Qd3 Ra3 33. Qc2 Ra2 34. Qd3 Rxe2+
35. Qxe2 O-O 36. h5 Rc8 37. hxg6 fxg6 38. Qd2 Rxc1 39. Qxc1 Qa2+ 40. Qd2 Qb1 41.
Qc1 Qa2+ 42. Qd2 Qxd2+ 43. Bxd2 Bc4 44. Kg2 Bc7 45. Bc3 Kf8 46. Kf3 Ke7 47. Bb4+
Kd7 48. Ke4 Bxb5 49. Bf8 Bc6+ 50. Kf4 Bd5 51. Bxg7 Ke7 52. Bf6+ Kf8 53. Nh3 Ba5
54. Ke3 Kf7 55. Nf4 Bb6+ 56. Kd3 Bf3 57. Kc4 Bf2 58. Bh4 Be1 59. Nh3 Bd5+ 60.
Kd4 Ke8 61. Nf4 Bf2+ 62. Kd3 Kf7 63. Ke2 Bd4 64. Bf6 Bc4+ 65. Kd2 Bf2 66. g4 Bg3
67. Ke3 Be1 68. Nh3 Bd5 69. Nf4 Bb3 70. Nh3 Bc4 71. Nf4 Bb3 72. Nh3 Bg3 73. Kf3
Be1 74. Ke2 Bb4 75. Ke3 Bc5+ 76. Ke4 Bc2+ 77. Kf4 Bb3 78. Ng5+ Kf8 79. Ne4 Bb4
80. Ng5 Bd2+ 81. Ke4 Bc2+ 82. Kd4 Bb3 83. Kd3 Bf4 84. Ke4 Bc1 85. Kd3 Ba2 86.
Ke4 Ke8 87. Kd4 Bb2+ 88. Kc5 Kd7 89. Nf3 Bd5 90. Ng5 Ba3+ 91. Kb6 Bc4 92. Ne4
Be2 93. g5 Bf3 94. Nc5+ Bxc5+ 95. Kxc5 Ke8 96. Kd6 1/2-1/2

[Event "World Blitz Women 2017"]
[Site "Riyadh KSA"]
[Date "2017.12.29"]
[Round "6.3"]
[White "Lagno, Kateryna"]
[Black "Khotenashvili, Bela"]
[Result "1-0"]
[WhiteTitle "GM"]
[BlackTitle "GM"]
[WhiteElo "2547"]
[BlackElo "2476"]
[WhiteFideId "14109336"]
[BlackFideId "13602640"]
[EventDate "2017.12.29"]

1. e4 c6 2. Nc3 d5 3. Nf3 g6 4. d4 Bg7 5. h3 Nh6 6. Bf4 dxe4 7. Nxe4 Qa5+ 8. Bd2
Qc7 9. Bd3 O-O 10. O-O Nf5 11. c3 Nd7 12. g4 Nd6 13. Bf4 Nf6 14. Nxf6+ Bxf6 15.
Qd2 Be6 16. Rfe1 Qc8 17. Bg3 c5 18. Qh6 Bg7 19. Qh4 f6 20. dxc5 Nc4 21. b3 Na5
22. Nd4 Bf7 23. b4 Nc6 24. Nf3 Re8 25. g5 f5 26. Ne5 Nxe5 27. Bxe5 Bxe5 28. Rxe5
Qd7 29. Bc4 Bxc4 30. Qxc4+ Kf8 31. Rae1 Rad8 32. b5 Rc8 33. a4 a6 34. Rd5 Qc7
35. Qd4 Kg8 36. Re6 axb5 37. axb5 Qa5 38. b6 Qb5 39. Kg2 Rc6 40. Qe5 Rxe6 41.
Qxe6+ Kf8 42. Qd7 Qc4 43. Rd4 Qxc5 44. Qxb7 Qxc3 45. Qd5 Qb2 46. b7 Qb6 47. Rc4
e6 48. Qd7 Qa5 49. Rc8 1-0

[Event "World Blitz Women 2017"]
[Site "Riyadh KSA"]
[Date "2017.12.29"]
[Round "6.4"]
[White "Gunina, Valentina"]
[Black "Batchimeg, Tuvshintugs"]
[Result "1-0"]
[WhiteTitle "GM"]
[BlackTitle "IM"]
[WhiteElo "2510"]
[BlackElo "2398"]
[WhiteFideId "4167570"]
[BlackFideId "4900839"]
[EventDate "2017.12.29"]

1. d4 Nf6 2. c4 c5 3. d5 b5 4. cxb5 a6 5. e3 g6 6. Nc3 Bg7 7. a4 O-O 8. Nf3 d6
9. Be2 axb5 10. Bxb5 Ba6 11. O-O Bxb5 12. Nxb5 Qb6 13. Ra3 Qb7 14. Rd3 Na6 15.
Nc3 Nb4 16. Rd2 Nd7 17. e4 Nb6 18. Re2 Qa6 19. e5 Nxa4 20. Bg5 Nxc3 21. bxc3 Na2
22. Re3 Rfe8 23. Rfe1 dxe5 24. Nxe5 f6 25. Nc6 fxg5 26. Nxe7+ Kh8 27. d6 Nxc3
28. Qd2 Rad8 29. Nxg6+ hxg6 30. Rxe8+ Rxe8 31. Rxe8+ Kh7 32. d7 Bf6 33. h3 Qa1+
34. Kh2 1-0

[Event "World Blitz Women 2017"]
[Site "Riyadh KSA"]
[Date "2017.12.29"]
[Round "6.5"]
[White "Paehtz, Elisabeth"]
[Black "Shuvalova, Polina"]
[Result "1-0"]
[WhiteTitle "IM"]
[BlackTitle "WIM"]
[WhiteElo "2464"]
[BlackElo "2385"]
[WhiteFideId "4641833"]
[BlackFideId "24171760"]
[EventDate "2017.12.29"]

1. e4 c6 2. d4 d5 3. exd5 cxd5 4. Bf4 Nc6 5. c3 Nf6 6. Nd2 Bg4 7. Ngf3 e6 8. Qb3
Qc8 9. Bd3 Be7 10. O-O O-O 11. Ne5 Bh5 12. Qc2 Bg6 13. Nxg6 hxg6 14. Rae1 Qd8
15. Nf3 Rc8 16. Qd2 Nh5 17. Be3 Bd6 18. g3 a6 19. Bg5 Be7 20. Bxe7 Qxe7 21. Ne5
Nf6 22. f4 Rfe8 23. Qg2 b5 24. a3 Nd7 25. g4 Ncxe5 26. fxe5 g5 27. Rf3 Nf8 28.
h4 gxh4 29. g5 g6 30. Kh1 Nh7 31. Rg1 Kg7 32. Rh3 Rh8 33. Qg4 Rcf8 34. Rg2 Rfg8
35. Kg1 Kf8 36. Rxh4 Ke8 37. Rgh2 Qf8 38. Rxh7 Rxh7 39. Rxh7 Rh8 40. Qh4 Rg8 41.
Qh6 Qe7 42. Rh8 Rxh8 43. Qxh8+ Kd7 44. Qf6 Qe8 45. Kf2 Qg8 46. Ke3 Qh7 47. Kd2
Qh2+ 48. Kc1 Qh7 49. Kb1 Ke8 50. Ka2 Qg8 51. a4 bxa4 52. Bxa6 Qh7 53. Bb5+ Kf8
54. Bxa4 Qh2 55. Qd8+ Kg7 56. Qe7 Qd2 57. Be8 Qf2 58. Qxf7+ 1-0

[Event "World Blitz Women 2017"]
[Site "Riyadh KSA"]
[Date "2017.12.29"]
[Round "6.6"]
[White "Mammadzada, Gunay"]
[Black "Goryachkina, Aleksandra"]
[Result "1/2-1/2"]
[WhiteTitle "WGM"]
[BlackTitle "WGM"]
[WhiteElo "2333"]
[BlackElo "2486"]
[WhiteFideId "13403729"]
[BlackFideId "4147103"]
[EventDate "2017.12.29"]

1. e4 Nf6 2. e5 Nd5 3. c4 Nb6 4. d4 d6 5. exd6 exd6 6. Nc3 Be7 7. Bd3 O-O 8.
Nge2 Nc6 9. O-O Nb4 10. Bb1 Be6 11. b3 c5 12. a3 Na6 13. d5 Bg4 14. Ra2 Nd7 15.
f3 Bh5 16. Nf4 Bg6 17. Nxg6 hxg6 18. Re2 Bf6 19. Ne4 Bd4+ 20. Be3 Bxe3+ 21. Rxe3
Nf6 22. Nc3 Re8 23. Rfe1 Qd7 24. Qd2 Nc7 25. g3 Rxe3 26. Rxe3 Re8 27. Kg2 b5 28.
Bd3 bxc4 29. Bxc4 Rxe3 30. Qxe3 Qd8 31. Qf4 Qe7 32. Kf2 Nd7 33. Qe4 Qf6 34. Nb5
Nxb5 35. Bxb5 Ne5 36. Qf4 Qd8 37. Qa4 Qb8 38. h3 g5 39. Qa6 g6 40. Kg2 Qc7 41.
f4 gxf4 42. gxf4 Qd8 43. fxe5 Qg5+ 44. Kf3 Qf5+ 45. Ke2 Qxe5+ 46. Kd2 Qb2+ 47.
Ke1 Qc3+ 48. Kf2 Qd4+ 49. Ke1 Qc3+ 50. Kf2 Qd4+ 51. Ke1 Qc3+ 52. Kf2 Qd4+ 53.
Ke1 Qc3+ 54. Kf1 Qf3+ 55. Ke1 Qc3+ 1/2-1/2